| 000 | 00981nam a2200277 a 4500 | ||
|---|---|---|---|
| 001 | 000025623 | ||
| 005 | 20250714091949.0 | ||
| 008 | 110218s1976 sp r 000 0 spa d | ||
| 020 | _a8432116122 | ||
| 040 |
_aDO-SdBNP _bspa _cBNPHU |
||
| 082 |
_a146.3 _bB664m, 1976 |
||
| 100 | 1 |
_aBochenski, I. M. _952319 |
|
| 245 | 1 | 3 |
_aEl materialismo dialéctico / _cI. M. Bochenski ; traducción Raimundo Drudis Baldrich. |
| 250 | _a4a ed. | ||
| 260 |
_aMadrid : _bRialp, _c1976. |
||
| 300 |
_a309 p. ; _c19.5 cm. |
||
| 490 | 1 |
_aNaturaleza e historia ; _v27 |
|
| 500 | _aIncluye referencias bibliográficas p. [295-304]. | ||
| 504 | _aIncluye referencias bibliográficas y notas al pie de las páginas. | ||
| 534 |
_pTítulo original: _tDer Sowjetrussische dialektische materialismus. |
||
| 650 | 4 |
_aMaterialismo dialéctico _9845 |
|
| 650 | 0 |
_aSocialismo _9287 |
|
| 700 | 1 |
_aDrudis Baldrich, Raimundo, _etr. _952320 |
|
| 830 | 0 |
_aNaturaleza e historia ; _n27 _952321 |
|
| 049 | _aBNGR | ||
| 999 |
_c25115 _d25115 |
||